Η προσωπικότης του εκπαιδευτικού

Αποθηκεύτηκε σε:
Λεπτομέρειες βιβλιογραφικής εγγραφής
Συγγραφή απο Οργανισμό/Αρχή: Χριστιανική Ένωσις Εκπαιδευτικών Λειτουργών
Μορφή: Βιβλίο
Γλώσσα:Greek
Δημοσίευση: Αθήναι : Χριστιανική Ένωσις Εκπαιδευτικών Λειτουργών, 1974
Θέματα:
Ετικέτες: Προσθήκη ετικέτας
Δεν υπάρχουν, Καταχωρήστε ετικέτα πρώτοι!

MARC

LEADER 00000cam a2200000 i 4500
001 1/99151
008 081211s1974 gre d
035 |l 10102352 
040 |a GR-MY-UA  |b gre  |e aacr 
041 0 |a gre 
082 0 |a 371.11  |2 (22) 
110 2 |a Χριστιανική Ένωσις Εκπαιδευτικών Λειτουργών. 
245 1 2 |a Η προσωπικότης του εκπαιδευτικού /  |c Χριστιανική Ένωσις Εκπαιδευτικών Λειτουργών 
260 |a Αθήναι :   |b Χριστιανική Ένωσις Εκπαιδευτικών Λειτουργών,   |c 1974 
300 |a 135 σ.;  |c 21 εκ. 
504 |a Περιλαμβάνει βιβλιογραφίες 
650 0 0 |a Teacher educators. 
650 0 0 |a Teachers  |x Training of. 
650 0 0 |a Teachers. 
852 |a INST  |b RHODES  |c AKA  |e 20081211  |h  371.11 ΧΡΙ  |p 005400031496  |q 005400031496  |t BK  |y 0 
901 |a BIBL4-2008-3 
909 |a Ρ  |b 156556 
970 |a ΧΑΡΙΟΠΟΛΙΤΟΥ  |b ΚΩΝΣΤΑΝΤΙΝΑ  |z 2008/12/11